Γενικαί αρχαί του αστικού δικαίου
Αποθηκεύτηκε σε:
| Κύριος συγγραφέας: | |
|---|---|
| Μορφή: | Βιβλίο |
| Γλώσσα: | Greek |
| Δημοσίευση: |
Αθήνα ; Θεσσαλονίκη :
Σάκκουλας Π.,
1976
|
| Έκδοση: | 2η έκδ. |
| Θέματα: | |
| Ετικέτες: |
Προσθήκη ετικέτας
Δεν υπάρχουν, Καταχωρήστε ετικέτα πρώτοι!
|
MARC
| LEADER | 00000cam a2200000 i 4500 | ||
|---|---|---|---|
| 001 | 1/35175 | ||
| 008 | 061005s1976 gre d | ||
| 035 | |l 10085443 | ||
| 040 | |a GR-MY-UA |b gre |e aacr | ||
| 041 | 0 | |a gre | |
| 082 | 0 | |a 347.739 |2 (22) | |
| 100 | 1 | |a Σημαντήρας, Κωνσταντίνος Ι. | |
| 245 | 1 | 0 | |a Γενικαί αρχαί του αστικού δικαίου |
| 250 | |a 2η έκδ. | ||
| 260 | |a Αθήνα ; Θεσσαλονίκη : |b Σάκκουλας Π., |c 1976 | ||
| 300 | |a 2τ. (xiv,303 ; 669 σ.); |c 24 εκ. | ||
| 650 | 0 | 0 | |a Civil law. |
| 650 | 0 | 0 | |a Compromise (Law) |
| 852 | |a INST |b CHIOS |e 20061005 |h 347.739 ΣΗΜ |p 005200027097 |q 005200027097 |t BK |y 0 | ||
| 852 | |a INST |b CHIOS |e 20070309 |h 347.739 ΣΗΜ |p 005200029055 |q 005200029055 |t BK |y 0 | ||
| 901 | |a BIBL2-2006-3 | ||
| 901 | |a BIBL2-2007-1 | ||
| 909 | |a Χ |b 120206 | ||
| 909 | |a Χ |b 130935 | ||
| 970 | |a ΒΑΣΙΛΑΚΗ |b ΝΙΚΗ |z 2006/10/05 | ||